Central Library OPAC University of Rajshahi

শেখ সা`দীর কাব্যে নৈতিকতা / (Record no. 76104)

MARC details
000 -LEADER
fixed length control field 01591ntm a2200277 4500
001 - CONTROL NUMBER
control field 76104
003 - CONTROL NUMBER IDENTIFIER
rucl marc code BD-RjUL
005 - DATE AND TIME OF LATEST TRANSACTION
control field 20211209082808.0
008 - FIXED-LENGTH DATA ELEMENTS--GENERAL INFORMATION
fixed length control field 191027s2009 bg ||||| |mb| 00| 0 ben d
035 ## - SYSTEM CONTROL NUMBER
System control number (BD-RjUL)76325
040 ## - CATALOGING SOURCE
Original cataloging agency BD-RjUL
Language of cataloging ben/eng
Transcribing agency BD-RjUL
Modifying agency BD-RjUL
041 ## - LANGUAGE CODE
Language code of text/sound track or separate title ben
082 ## - DEWEY DECIMAL CLASSIFICATION NUMBER
Edition number 23
Classification number 891.551109
Author mark and year GOS 2009
100 1# - MAIN ENTRY--PERSONAL NAME
Personal name গনী, মো. ওসমান
9 (RLIN) 124031
245 10 - TITLE STATEMENT
Title শেখ সা`দীর কাব্যে নৈতিকতা /
Statement of responsibility, etc. মো. ওসমান গনী ;
Linkage তত্ত্বাবধায়ক: মো. নূরুল হুদা
260 ## - PUBLICATION, DISTRIBUTION, ETC. (IMPRINT)
Place of publication, distribution, etc. রাজশাহী :
Name of publisher, distributor, etc. ভাষা বিভাগ, রাজশাহী বিশ্ববিদ্যালয়,
Date of publication, distribution, etc. ২০০৯
300 ## - PHYSICAL DESCRIPTION
Pagination xii, ২৬৯ পাতা ;
Size ৩০ সেমি.
502 ## - DISSERTATION NOTE
Dissertation note থিসিস (পিএইচ. ডি.)-- ভাষা বিভাগ, রাজশাহী বিশ্ববিদ্যালয়, ২০০৯
504 ## - BIBLIOGRAPHY, ETC. NOTE
Bibliography, etc গ্রন্থপঞ্জি: পাতা ২৫৫-২৬৯
600 ## - SUBJECT ADDED ENTRY--PERSONAL NAME
Personal name সা'দী, শেখ,
Dates associated with a name --১২১০-১২৯১ বা ১২৯২
General subdivision সমালোচনা ও ব্যাখা
Personal name Saadi, Sheikh,
Dates associated with a name --1291 or 1292
General subdivision Criticism and Interpretation
650 ## - SUBJECT ADDED ENTRY--TOPICAL TERM
Topical term or geographic name as entry element ফার্সী কবিতা
General subdivision ইতিহাস ও সমালোচনা
9 (RLIN) 234074
Topical term or geographic name as entry element Persian Poetry
General subdivision History and Criticism
9 (RLIN) 234075
700 ## - ADDED ENTRY--PERSONAL NAME
Personal name হুদা, মো. নূরুল, তত্ত্বাবধায়ক
942 ## - ADDED ENTRY ELEMENTS (KOHA)
Source of classification or shelving scheme Dewey Decimal Classification
Koha item type Theses
Holdings
Lost status Source of classification or shelving scheme Damaged status Not for loan Collection code Permanent Location Current Location Shelving location Date acquired Source of acquisition Total Checkouts Full call number Date last seen Copy number Koha item type
  Dewey Decimal Classification   Not For Loan Theses Central Library, University of Rajshahi Central Library, University of Rajshahi Documentation Section 26/05/2011 Controller of Examination Office, R. U.   BTHE 891.551109 GOS 2009 27/10/2019 C-1 Theses